Basketball Players - Sudden Death - Statistics

General Stats
  • This quiz has been taken 807 times
  • The average score is 13 of 16
Answers on the Grid
Answers color-coded by a green-red scale on the quiz's grid according to % correct below.
Alex Ovechkin
Babe Ruth
Cristiano Ronaldo
Didier Drogba
Dirk Nowitzki
Erling Haaland
Giannis Antetokounmpo
Hakeem Olajuwon
Jude Bellingham
Kevin Durant
Kevin Love
Kobe Bryant
Kylian Mbappé
Larry Bird
LeBron James
Lionel Messi
Luka Dončić
Luka Modrić
Ma Long
Michael Jordan
Nikola Jokić
Novak Djoković
Patrick Mahomes
Pau Gasol
Pete Maravich
Rafael Nadal
Roger Federer
Russell Westbrook
Shaquille O'Neal
Stephen Curry
Tom Brady
Wayne Gretzky
 
Answer Stats
Answer % Correct
Kobe Bryant
91%
Kevin Durant
90%
LeBron James
90%
Giannis Antetokounmpo
89%
Larry Bird
88%
Michael Jordan
88%
Stephen Curry
87%
Dirk Nowitzki
86%
Luka Dončić
86%
Shaquille O'Neal
86%
Nikola Jokić
84%
Hakeem Olajuwon
82%
Russell Westbrook
81%
Kevin Love
78%
Pau Gasol
72%
Pete Maravich
59%
No matching quizzes found
Score Distribution
Percent of People with Each Score
Percentile by Number Answered
Your Score History
You have not taken this quiz